[Event "Sucre op"]
[Site "Sucre"]
[Date "2022.10.15"]
[Round "5"]
[White "Ferrufino, Boris"]
[Black "Barroso Benavides, Carlo Gennaro"]
[Result "1-0"]
[WhiteElo "1919"]
[BlackElo "1687"]
[PlyCount "93"]
[EventDate "2022.10.13"]
[EventType "swiss"]
[EventRounds "7"]
[EventCountry "BOL"]
[SourceTitle "CBM 210 Extra"]
[Source "ChessBase"]
[SourceDate "2022.11.30"]
[SourceVersion "1"]
[SourceVersionDate "2022.11.30"]
[SourceQuality "1"]

1. d4 c6 2. e4 d5 3. exd5 cxd5 4. Bd3 Nc6 5. c3 Nf6 6. Bf4 Bg4 7. Qb3 Qb6 8. Nd2 e6 9. Ngf3 Be7 10. Ne5 Nxe5 11. Bxe5 0-0 12. 0-0 Bh5 13. Qxb6 axb6 14. f4 Ne8 15. f5 exf5 16. Bxf5 Nd6 17. Bd3 Bg6 18. Bxg6 hxg6 19. Rfe1 Rfe8 20. a3 b5 21. Bxd6 Bxd6 22. g3 f6 23. Nf1 Red8 24. Re6 Ra6 25. Rae1 Kf7 26. R6e2 Bf8 27. Nd2 Rad6 28. Nb3 b6 29. Nc1 R6d7 30. Nd3 g5 31. Nb4 Bxb4 32. axb4 Ra8 33. Re6 Ra2 34. R6e2 Rda7 35. Kf2 g4 36. Ke3 g5 37. Kd3 Ra1 38. Re7+ Rxe7 39. Rxa1 f5 40. Ra8 f4 41. gxf4 gxf4 42. Rd8 f3 43. Rxd5 Kg6 44. Rd8 f2 45. Rf8 Rf7 46. Rxf7 Kxf7 47. Ke2 1-0